00637cam a22002291 4500001001300000003000400013005001700017008004100034010001700075035001900092040002500111042001200136050002400148100002100172245003500193250001800228260006100246300002200307610003000329650003100359999001700390sa 66004113 DLC20260227112240.0750305s1965 xx 000 0 eng  asa 66004113  a(OCoLC)1200931 aDLCcVtUdOCoLCdDLC apremarc00aJQ298.C6bA62 1965c0 aAbid Ali,d1900-14aThe Indian communists exposed. a[3d rev. ed.] aNew Delhi,bIndian National Trade Union Congress,c1965. avi, 44 p.c22 cm.20aCommunist Party of India. 0aCommunismzIndiaxHistory. c69246d69246